Estudios culturales y comunicación : análisis, producción y consumo cultural de las políticas de identidad y el posmodernismo /
Gorde:
| Egile nagusia: | |
|---|---|
| Beste egile batzuk: | |
| Formatua: | Ezezaguna |
| Hizkuntza: | Spanish |
| Argitaratua: |
Barcelona, España :
Paidós,
c1998.
|
| Gaiak: | |
| Etiketak: |
Etiketa erantsi
Etiketarik gabe, Izan zaitez lehena erregistro honi etiketa jartzen!
|
MARC
| LEADER | 000000000a22000000004500 | ||
|---|---|---|---|
| 001 | 011126 | ||
| 020 | |a 8449305187 | ||
| 041 | 0 | |a spa | |
| 082 | 0 | 4 | |a 306 |b C976e |
| 100 | 1 | |a Curran, James | |
| 700 | 1 | |a Poblete, Esther, |e traductor | |
| 245 | 1 | 0 | |a Estudios culturales y comunicación : |b análisis, producción y consumo cultural de las políticas de identidad y el posmodernismo / |c James Curran, Esther Poblete, traductor. |
| 260 | 1 | |a Barcelona, España : |b Paidós, |c c1998. | |
| 300 | |a 548 páginas | ||
| 500 | |a Título original: Cultural studies and communications | ||
| 505 | |a Contenido: Significado, representación, ideología: Althusser y los debates postestructuralistas / Stuart Hall -- Los estudios culturales británicosy las trampas de la identidad / Paul GilroyEl posmodernismo: una guía básica / David Morley -- El objeto imposible: hacia una sociología de lo sublime / Dick Hebdige -- Sujeto a cambio sinprevio aviso: la psicología, la posmodernidad y lo popular / Valerie Walkerdine -- Repensar la comunicación de masas / James Curran -- More: nuevas sexualidades en las revistas para chicas y mujeres / Angela Mcrobbie -- Repensar la música popular después del rock y el soul / David Hesmondhalgh -- Aproximación al nuevo Hollywood / Yvonne Tasker -- Feminismo, tecnología y representación / Sarah Kember -- El nuevo revisionismo en los estudios de comuncación: una revaluación / James Curran -- Populismo, revisionismo y los "nuevos" estudios de audiencia / David Morley -- Debate mediático: una réplica / James Curran -- Debate mediático: interpretando las interpretaciones de las interpretaciones / David Morley -- Feminismo y consumo mediático / Christine Geraghty -- La cultura popular y la erotización de las niñas / Valerie Walkerdine -- Etnografía, antropología y estudios culturales: vínculos y conexiones / Gareth Stanton | ||
| 650 | 4 | |a CULTURA | |
| 999 | |c 16439 |d 16439 | ||
| 942 | |c BK |h 306 C976e |2 z | ||



